La elaboración de la política económica / (Registro nro. 8772)
[ vista simple ]
| 000 -LEADER | |
|---|---|
| fixed length control field | 01048nam a2200253Ia 4500 |
| 003 - CONTROL NUMBER IDENTIFIER | |
| control field | OSt |
| 005 - DATE AND TIME OF LATEST TRANSACTION | |
| control field | 20220104151805.0 |
| 008 - FIXED-LENGTH DATA ELEMENTS--GENERAL INFORMATION | |
| fixed length control field | 210310s1961 sp fr 000 0 spa d |
| 040 ## - CATALOGING SOURCE | |
| Original cataloging agency | CO-JMCR |
| Transcribing agency | CO-JMCR |
| 041 1# - LANGUAGE CODE | |
| Language code of text/sound track or separate title | spa |
| Language code of original | fre |
| 082 04 - DEWEY DECIMAL CLASSIFICATION NUMBER | |
| Classification number | 338.9001 / |
| Item number | M614e |
| Edition number | 23 |
| 100 1# - MAIN ENTRY--PERSONAL NAME | |
| Personal name | Meynaud, Jean, |
| 9 (RLIN) | 18243 |
| Relator term | autor |
| 245 13 - TITLE STATEMENT | |
| Title | La elaboración de la política económica / |
| Statement of responsibility, etc. | Jean Meynaud ; [traducción de Jorge Petit Fontseré] |
| 260 ## - PUBLICATION, DISTRIBUTION, ETC. | |
| Place of publication, distribution, etc. | Madrid : |
| Name of publisher, distributor, etc. | Editorial Tecnos, S.A., |
| Date of publication, distribution, etc. | 1961. |
| 300 ## - PHYSICAL DESCRIPTION | |
| Extent | 200 páginas ; |
| Dimensions | 24 cm. |
| 490 0# - SERIES STATEMENT | |
| Series statement | Colección de ciencias sociales |
| 500 ## - GENERAL NOTE | |
| General note | Incluye notas a pie de página.<br/>Título original: L´elaboration de la politique economique |
| 504 ## - BIBLIOGRAPHY, ETC. NOTE | |
| Bibliography, etc. note | Bibliografía: página [199] |
| 505 0# - FORMATTED CONTENTS NOTE | |
| Formatted contents note | El marco gubernamental -- Las dimensiones de la política económica -- Esfuerzos de racionalización -- La acción económica del Estado y sus límites |
| 546 ## - LANGUAGE NOTE | |
| Language note | Traducido del francés. |
| 650 14 - SUBJECT ADDED ENTRY--TOPICAL TERM | |
| Topical term or geographic name entry element | Política económica. |
| 9 (RLIN) | 18245 |
| 700 1# - ADDED ENTRY--PERSONAL NAME | |
| Personal name | Petit Fontseré, Jorge, |
| Relator term | traductor |
| 9 (RLIN) | 41831 |
| 942 ## - ADDED ENTRY ELEMENTS (KOHA) | |
| Source of classification or shelving scheme | Dewey Decimal Classification |
| Koha item type | Books |
| Withdrawn status | Lost status | Source of classification or shelving scheme | Damaged status | Not for loan | Collection code | Home library | Current library | Date acquired | Source of acquisition | Full call number | Barcode | Date last seen | Copy number | Koha item type |
|---|---|---|---|---|---|---|---|---|---|---|---|---|---|---|
| Dewey Decimal Classification | Non-fiction | Biblioteca Pública José María del Castillo y Rada | Biblioteca Pública José María del Castillo y Rada | 04/15/2018 | Donación | 338.9001 / M614e | 430006105 | 05/16/2024 | Ej.1 | Books |